宗谷本線現存駅サドンデス - Statistics

General Stats
  • This quiz has been taken 381 times
  • The average score is 9 of 15
Answers on the Grid
Answers color-coded by a green-red scale on the quiz's grid according to % correct below.
恩根内
下沼
佐久
初野
剣淵
北星
北永山
南幌延
南稚内
名寄高校
咲来
天塩川温泉
徳満
抜海
日進
智恵文
東六線
瑞穂
筬島
糠南
美深
芦川
蘭留
雄信内
 
Answer Stats
Answer % Correct
南稚内
87%
名寄高校
81%
天塩川温泉
74%
美深
73%
剣淵
68%
糠南
66%
咲来
56%
佐久
53%
蘭留
53%
筬島
50%
日進
45%
北永山
43%
智恵文
43%
瑞穂
42%
下沼
41%
No matching quizzes found
Score Distribution
Percent of People with Each Score
Percentile by Number Answered
Your Score History
You have not taken this quiz